Health and safety statistics 2004/5 (Record no. 104780)

MARC details
000 -LEADER
fixed length control field 01068cam a2200217 4500
001 - CONTROL NUMBER
control field ##L131523
008 - FIXED-LENGTH DATA ELEMENTS--GENERAL INFORMATION
fixed length control field 110922n2005 000 0 eng u
035 ## - SYSTEM CONTROL NUMBER
System control number (Sirsi) u131523
041 0# - LANGUAGE CODE
Language code of text/sound track or separate title eng
050 04 - LIBRARY OF CONGRESS CALL NUMBER
Classification number 344.410465
Item number 218
110 2# - MAIN ENTRY--CORPORATE NAME
Corporate name or jurisdiction name as entry element Great Britain
Subordinate unit Health and Safety Commission
245 00 - TITLE STATEMENT
Title Health and safety statistics 2004/5
260 ## - PUBLICATION, DISTRIBUTION, ETC.
Place of publication, distribution, etc. [S.l.]
Name of publisher, distributor, etc. HSE
Date of publication, distribution, etc. 2005
300 ## - PHYSICAL DESCRIPTION
Extent 24p.
Other physical details ill, bar charts, graphs, tables, maps.
520 ## - SUMMARY, ETC.
Summary, etc. Provides latest statistics on work-related health and safety in Great Britain Discusses key facts, workplace injuries, work-related ill health, injuries and ill health by industry and sector, country and region, progress against the targets set in "Revitalising Health and Safety'" strategy, and injuries to members of the public.
590 ## - LOCAL NOTE (RLIN)
Local note IKA221105
650 24 - SUBJECT ADDED ENTRY--TOPICAL TERM
Topical term or geographic name entry element REPORTING OF INJURIES, DISEASES AND DANGEROUS OCCURENCES REGULATIONS 1995
690 ## - LOCAL SUBJECT ADDED ENTRY--TOPICAL TERM (OCLC, RLIN)
Topical term or geographic name as entry element MANAGEMENT-HEALTH AND SAFETY
856 40 - ELECTRONIC LOCATION AND ACCESS
Uniform Resource Identifier <a href="https://www.hse.gov.uk/statistics/overall/hssh0405.pdf">https://www.hse.gov.uk/statistics/overall/hssh0405.pdf</a>
Public note View the item free of charge at www.hse.gov.uk
942 ## - ADDED ENTRY ELEMENTS (KOHA)
Suppress in OPAC 0
Holdings
Withdrawn status Lost status Source of classification or shelving scheme Damaged status Not for loan Home library Current library Shelving location Date acquired Total Checkouts Full call number Barcode Date last seen Copy number Price effective from Koha item type
    Dewey Decimal Classification     Virtual Virtual Online 11/11/2005   ONLINE PUBLICATION 131523-1001 06/08/2019 1 06/08/2019 Book